[Event "Sparkassen-Open J"]
[Site "Heusenstamm, Martinsee"]
[Date "2022.11.19"]
[Round "2.1"]
[White "Englert, Ann"]
[Black "Sydykov, Bayastan"]
[Result "0-1"]
[WhiteElo "1246"]
[BlackElo "1681"]
[PlyCount "30"]
[EventDate "2022.??.??"]
[WhiteTeam "TV-Großostheim"]
[BlackTeam "SK 1858 Gießen"]

1. d4 d5 2. c4 e6 3. Nc3 Nf6 4. cxd5 exd5 5. Bf4 Bd6 6. Bxd6 Qxd6 7. e3 c6 8.
f4 O-O 9. Bd3 Re8 10. Qd2 Qxf4 11. Nd1 Ng4 12. g3 Qh6 13. h3 Nxe3 14. Kf2 Ng4+
15. hxg4 Qxd2+ 0-1

[Event "Sparkassen-Open J"]
[Site "Heusenstamm, Martinsee"]
[Date "2022.11.19"]
[Round "2.2"]
[White "Rudolph, Alexander"]
[Black "Kukhtichev, Maksim"]
[Result "1-0"]
[WhiteElo "1434"]
[BlackElo "1242"]
[PlyCount "85"]
[EventDate "2022.??.??"]
[WhiteTeam "SK Tarrasch München"]
[BlackTeam "SK Bad Homburg 1927"]

1. e4 e5 2. Nf3 Nc6 3. d4 exd4 4. Nxd4 Nxd4 5. Qxd4 d6 6. Bc4 Nf6 7. Bg5 Be7 8.
Nc3 c6 9. O-O-O c5 10. Qd2 h6 11. Bf4 O-O 12. Bxd6 Bxd6 13. Qxd6 Qxd6 14. Rxd6
Ng4 15. f3 Ne5 16. Bd5 Nd7 17. Bxb7 Bxb7 18. Rxd7 Bc6 19. Rc7 Rac8 20. Rxa7 Ra8
21. Rc7 Rac8 22. Re7 Rfe8 23. Rxe8+ Rxe8 24. Nd5 Bxd5 25. exd5 Kf8 26. c4 Ra8
27. a3 Ra4 28. b3 Rxa3 29. Kb2 Ra8 30. Re1 Rb8 31. Kc3 Ra8 32. d6 Rd8 33. Rd1
Ke8 34. b4 cxb4+ 35. Kxb4 Kd7 36. c5 Kc6 37. d7 Rxd7 38. Rxd7 Kxd7 39. Kb5 Kc7
40. c6 Kc8 41. Kc5 Kc7 42. Kd5 h5 43. h4 1-0

[Event "Sparkassen-Open J"]
[Site "Heusenstamm, Martinsee"]
[Date "2022.11.19"]
[Round "2.3"]
[White "Zargaran, Sepas"]
[Black "Himmelspacht, Maxim"]
[Result "1/2-1/2"]
[WhiteElo "1222"]
[BlackElo "1538"]
[PlyCount "97"]
[EventDate "2022.??.??"]
[WhiteTeam "VSG 1880 Offenbach"]
[BlackTeam "SK 1858 Gießen"]

1. e4 e6 2. d4 d5 3. exd5 exd5 4. Bd3 Bd6 5. Nf3 Nf6 6. O-O O-O 7. Bg5 h6 8.
Bh4 Bg4 9. Nbd2 Nbd7 10. Bg3 Nb6 11. c3 c6 12. Qc2 Re8 13. Rfe1 Qd7 14. Rxe8+
Rxe8 15. Re1 Rxe1+ 16. Nxe1 Bxg3 17. hxg3 Qe7 18. Nef3 Qc7 19. Ne5 Be6 20. b3
Nbd7 21. Ndf3 Nxe5 22. Nxe5 Nd7 23. Nxd7 Qxd7 24. f3 b6 25. Qe2 Qd6 26. Kf2 Kf8
27. b4 Qc7 28. Qb2 a5 29. bxa5 bxa5 30. Qa3+ Kg8 31. Qb3 g6 32. Ba6 Kg7 33. Qb7
Qxb7 34. Bxb7 Bd7 35. Ke3 Kf6 36. Kd3 Ke6 37. c4 dxc4+ 38. Kxc4 Kd6 39. d5
cxd5+ 40. Bxd5 f6 41. Bf7 g5 42. Bd5 Be8 43. f4 Bd7 44. fxg5 hxg5 45. a3 Ba4
46. Kd4 Bd7 47. Kc4 Be8 48. Bf3 Bd7 49. Bd5 1/2-1/2

[Event "Sparkassen-Open J"]
[Site "Heusenstamm, Martinsee"]
[Date "2022.11.19"]
[Round "2.4"]
[White "Draude, Theo"]
[Black "Giegerich, Lenn Valentin"]
[Result "1-0"]
[WhiteElo "1208"]
[BlackElo "1213"]
[PlyCount "41"]
[EventDate "2022.??.??"]
[WhiteTeam "SF Korbach"]
[BlackTeam "SC Aschaffenburg"]

1. e4 e5 2. Nf3 Nf6 3. Nxe5 d6 4. Nf3 Nxe4 5. d3 Nf6 6. g3 Bg4 7. Bg2 Be7 8.
O-O Nc6 9. Nc3 Nd4 10. Be3 Nxf3+ 11. Bxf3 Bh3 12. Re1 O-O 13. Bxb7 Rb8 14. Qf3
Qd7 15. Nd5 c6 16. Bxc6 Qf5 17. Nxe7+ Kh8 18. Nxf5 Bg4 19. Qf4 Rbc8 20. Nxg7
Rxc6 21. Qxf6 1-0

[Event "Sparkassen-Open J"]
[Site "Heusenstamm, Martinsee"]
[Date "2022.11.19"]
[Round "2.5"]
[White "Staat, Christian"]
[Black "Sreeramulu, Aarush"]
[Result "0-1"]
[WhiteElo "1220"]
[BlackElo "1526"]
[PlyCount "42"]
[EventDate "2022.??.??"]
[WhiteTeam "VSG 1880 Offenbach"]
[BlackTeam "SK Marburg 1931/72"]

1. d4 d5 2. c4 e6 3. Nc3 Nf6 4. Nf3 c5 5. e3 Nc6 6. Be2 Be7 7. O-O O-O 8. b3 b6
9. Bb2 dxc4 10. Bxc4 cxd4 11. Nxd4 Nxd4 12. exd4 Bb7 13. Re1 Nd5 14. Nxd5 Bxd5
15. Rc1 Rc8 16. Qe2 Bf6 17. Red1 Qd6 18. Bxd5 Qxd5 19. Qa6 Qd7 20. f4 Bxd4+ 21.
Kh1 Bxb2 0-1

[Event "Sparkassen-Open J"]
[Site "Heusenstamm, Martinsee"]
[Date "2022.11.19"]
[Round "2.6"]
[White "Stehning, Toni"]
[Black "Shanmuganathan, Adhav"]
[Result "1-0"]
[WhiteElo "1505"]
[BlackElo "1094"]
[PlyCount "29"]
[EventDate "2022.??.??"]
[WhiteTeam "SF Braunfels"]
[BlackTeam "SV 1934 Ffm-Griesheim"]

1. e4 e5 2. Bc4 Nc6 3. Nf3 Bc5 4. c3 Nf6 5. d4 exd4 6. O-O O-O 7. cxd4 Bb6 8.
d5 Na5 9. Bd3 Bc5 10. e5 Nxd5 11. Bxh7+ Kxh7 12. Ng5+ Kg6 13. Qg4 d6 14. Ne6+
Kh7 15. Qxg7# 1-0

[Event "Sparkassen-Open J"]
[Site "Heusenstamm, Martinsee"]
[Date "2022.11.19"]
[Round "2.7"]
[White "Carls, Bela"]
[Black "Dietrich, Fabian"]
[Result "0-1"]
[WhiteElo "1207"]
[BlackElo "1471"]
[PlyCount "40"]
[EventDate "2022.??.??"]
[WhiteTeam "Frankfurter TV 1860"]
[BlackTeam "SK Marburg 1931/72"]

1. d4 d5 2. c4 e6 3. Nc3 c5 4. Nf3 Nf6 5. Bg5 Nc6 6. e3 Qb6 7. Na4 Qb4+ 8. Nd2
Ne4 9. a3 Qa5 10. Bf4 Nxd2 11. Qxd2 Qxa4 12. cxd5 exd5 13. dxc5 Be6 14. b4 g6
15. Qc3 Rg8 16. Be2 Bg7 17. Qd2 Bxa1 18. Qa2 Bc3+ 19. Kf1 d4 20. Qb1 Qxa3 0-1

[Event "Sparkassen-Open J"]
[Site "Heusenstamm, Martinsee"]
[Date "2022.11.19"]
[Round "2.8"]
[White "González Peisker, Mateo"]
[Black "Li, Xiao Teng"]
[Result "0-1"]
[WhiteElo "1455"]
[BlackElo "1173"]
[PlyCount "84"]
[EventDate "2022.??.??"]
[WhiteTeam "SV Multatuli Ingelheim"]
[BlackTeam "SK Bad Homburg 1927"]

1. c4 c5 2. g3 g6 3. Bg2 Bg7 4. e3 Nf6 5. Ne2 d6 6. O-O e5 7. Re1 Nc6 8. d4 d5
9. Nbc3 Be6 10. cxd5 Nxd5 11. Nxd5 Bxd5 12. e4 Bc4 13. d5 Nd4 14. Nxd4 cxd4 15.
Qa4+ b5 16. Qd1 Qa5 17. Bd2 b4 18. a3 Qb6 19. Bxb4 a5 20. Qc2 Rc8 21. b3 Ba6
22. Qxc8+ Bxc8 23. Rac1 Bd7 24. Bc5 Qf6 25. b4 Bh6 26. Rb1 axb4 27. Rxb4 Bc8
28. Rb8 Kd7 29. Bb6 Ba6 30. Bh3+ Kd6 31. Rxh8 Qxh8 32. f4 exf4 33. Rc1 Ke5 34.
Bc7+ Kxe4 35. Bg2+ f3 36. Re1+ Be3+ 37. Kh1 fxg2+ 38. Kxg2 Qf6 39. Kh3 Bc8+ 40.
g4 Qf3+ 41. Kh4 g5+ 42. Kh5 Qh3# 0-1

[Event "Sparkassen-Open J"]
[Site "Heusenstamm, Martinsee"]
[Date "2022.11.19"]
[Round "2.9"]
[White "Milman, Sophie"]
[Black "Will, Elina"]
[Result "0-1"]
[WhiteElo "1184"]
[BlackElo "1381"]
[PlyCount "132"]
[EventDate "2022.??.??"]
[WhiteTeam "VSG 1880 Offenbach"]
[BlackTeam "TuS Makkabi Wiesbaden"]

1. e4 e6 2. d4 d5 3. Nc3 Bb4 4. e5 c5 5. a3 Bxc3+ 6. bxc3 c4 7. f4 Ne7 8. Nf3
O-O 9. Be2 Nbc6 10. O-O Ng6 11. Qe1 Qc7 12. g4 f6 13. Qg3 Bd7 14. h4 fxe5 15.
fxe5 Rf7 16. h5 Nge7 17. h6 Raf8 18. Bg5 Qa5 19. hxg7 Rxg7 20. Bf6 Rg6 21. Nh4
Nf5 22. Qh3 Nxh4 23. Qxh4 Qxc3 24. Rac1 Qxd4+ 25. Kh2 Qe3 26. Qf2 Qxa3 27. Rh1
Rh6+ 28. Kg2 Rxh1 29. Rxh1 Be8 30. Qh4 Bg6 31. Qh6 Rxf6 32. exf6 Qf8 33. Qxf8+
Kxf8 34. c3 Kf7 35. g5 Be4+ 36. Bf3 Bd3 37. Bh5+ Kf8 38. Re1 e5 39. Be2 e4 40.
Bxd3 cxd3 41. Kf2 Ne5 42. Rg1 Nf3 43. Rg3 a5 44. g6 hxg6 45. Rxg6 b5 46. Rh6 a4
47. Rh8+ Kf7 48. Rh7+ Kxf6 49. Rb7 d4 50. Rxb5 dxc3 51. Rb6+ Ke5 52. Rb5+ Kd4
53. Rb4+ Kc5 54. Rxa4 c2 55. Ra8 Nd4 56. Ra5+ Kb4 57. Ra1 Nb3 58. Ra8 c1=Q 59.
Rb8+ Kc4 60. Rc8+ Nc5 61. Rg8 Qf4+ 62. Kg1 d2 63. Kg2 d1=Q 64. Rg3 Qdf1+ 65.
Kh2 Q4f2+ 66. Rg2 Q2xg2# 0-1

[Event "Sparkassen-Open J"]
[Site "Heusenstamm, Martinsee"]
[Date "2022.11.19"]
[Round "2.10"]
[White "Meitzner, Johan Eduard"]
[Black "Wilczek, Jan-Philipp"]
[Result "1-0"]
[WhiteElo "1191"]
[BlackElo "1157"]
[PlyCount "101"]
[EventDate "2022.??.??"]
[WhiteTeam "1. Eichsfelder Sportclub"]
[BlackTeam "SC Bad Soden"]

1. e4 e5 2. Nf3 Nc6 3. Bc4 Bc5 4. c3 Nf6 5. d4 exd4 6. cxd4 Bb4+ 7. Bd2 Nxe4 8.
Bxb4 Nxb4 9. Bxf7+ Kxf7 10. Qb3+ d5 11. Ne5+ Ke8 12. Qxb4 Qd6 13. Qa3 Rf8 14.
O-O c6 15. Qe3 Kd8 16. Nc3 Nf6 17. Qg5 Qe7 18. Rfe1 Ne4 19. Nxe4 dxe4 20. Qxe7+
Kxe7 21. Rxe4 Kd8 22. Rae1 Kc7 23. Nc4 Bd7 24. Ne5 Rae8 25. R1e3 Bf5 26. Rf4
Bd7 27. Rh4 h6 28. Rg3 Rg8 29. Rf4 g5 30. Rf7 Rd8 31. Rh3 Rh8 32. Rc3 Kc8 33.
h3 Rhf8 34. Rh7 Rh8 35. Rf7 Rhf8 36. Rff3 Rxf3 37. Rxf3 h5 38. Nf7 Rf8 39. Nd6+
Kc7 40. Rxf8 Kxd6 41. Rh8 h4 42. Rg8 Be6 43. Rxg5 Bxa2 44. Ra5 Bc4 45. Rxa7 b5
46. Rh7 Kd5 47. Rxh4 b4 48. Rf4 Bd3 49. g4 Be4 50. g5 Kxd4 51. Rxe4+ 1-0

[Event "Sparkassen-Open J"]
[Site "Heusenstamm, Martinsee"]
[Date "2022.11.19"]
[Round "2.11"]
[White "Avhopulo, Kirill"]
[Black "Papadopoulos, Kyriakos"]
[Result "0-1"]
[WhiteElo "1143"]
[BlackElo "1331"]
[PlyCount "58"]
[EventDate "2022.??.??"]
[WhiteTeam "SK Marburg 1931/72"]
[BlackTeam "VSG 1880 Offenbach"]

1. e4 e6 2. d4 d5 3. Nc3 Bb4 4. exd5 exd5 5. Bd2 Nf6 6. Bd3 c5 7. dxc5 Bxc5 8.
Nge2 Nc6 9. a3 h6 10. b4 Bb6 11. Bb5 O-O 12. Bxc6 bxc6 13. O-O Bg4 14. Na4 Re8
15. Re1 Qe7 16. Kf1 Qc7 17. Bf4 Bxe2+ 18. Rxe2 Qxf4 19. Nxb6 axb6 20. h3 Qc4
21. Qd3 Qxd3 22. cxd3 Rxe2 23. Kxe2 Re8+ 24. Kf3 Kh7 25. a4 Ra8 26. Kf4 Nd7 27.
Ra2 c5 28. b5 Ra5 29. Ke3 Kg6 0-1

[Event "Sparkassen-Open J"]
[Site "Heusenstamm, Martinsee"]
[Date "2022.11.19"]
[Round "2.12"]
[White "Stehning, Michel"]
[Black "Jung, Felix"]
[Result "1-0"]
[WhiteElo "1136"]
[BlackElo "1315"]
[PlyCount "79"]
[EventDate "2022.??.??"]
[WhiteTeam "SF Braunfels"]
[BlackTeam "SK Marburg 1931/72"]

1. d4 d5 2. Bf4 Nc6 3. Nf3 Bf5 4. e3 Nb4 5. Bd3 Nxd3+ 6. cxd3 c6 7. O-O e6 8.
Nc3 Bb4 9. a3 Bd6 10. Bg3 Qc7 11. Bxd6 Qxd6 12. e4 dxe4 13. dxe4 Bg4 14. h3
Bxf3 15. Qxf3 Qxd4 16. Rad1 Qe5 17. Rd3 Nf6 18. Rfd1 O-O 19. Qe3 b6 20. b4 Rac8
21. f4 Qc7 22. e5 Nd5 23. Qf3 Rfd8 24. Ne4 c5 25. bxc5 bxc5 26. Nd6 Rb8 27. f5
Qb6 28. Kh1 Rf8 29. f6 g6 30. Qg3 h6 31. Qh4 Kh7 32. Ne4 h5 33. g4 Nf4 34. Rf3
Ne2 35. gxh5 Rh8 36. hxg6+ Kg8 37. gxf7+ Kxf7 38. Rd7+ Ke8 39. Re7+ Kd8 40.
Qxh8# 1-0

[Event "Sparkassen-Open J"]
[Site "Heusenstamm, Martinsee"]
[Date "2022.11.19"]
[Round "2.13"]
[White "Kim, David"]
[Black "Alkayas, Mohammad"]
[Result "1-0"]
[WhiteElo "1312"]
[BlackElo "1138"]
[PlyCount "103"]
[EventDate "2022.??.??"]
[WhiteTeam "SV 1920 Hofheim"]
[BlackTeam "SK Marburg 1931/72"]

1. e4 e5 2. Nf3 Nc6 3. Bc4 Bc5 4. d3 Nf6 5. Bg5 O-O 6. Nc3 h6 7. Bh4 Be7 8. d4
exd4 9. Nxd4 Nxd4 10. Qxd4 d6 11. Nd5 Nxd5 12. Bxe7 Nxe7 13. O-O Nc6 14. Qd3
Qf6 15. c3 Ne5 16. Qe2 Nxc4 17. Qxc4 Be6 18. Qxc7 Bc8 19. Rad1 b6 20. Rxd6 Qe5
21. f3 Ba6 22. Rfd1 Rfc8 23. Rd8+ Rxd8 24. Rxd8+ Rxd8 25. Qxe5 Rd1+ 26. Kf2
Rd2+ 27. Kg3 Bf1 28. Qb8+ Kh7 29. Qxa7 Rxg2+ 30. Kf4 Rxb2 31. Qxf7 Rxh2 32.
Qf5+ Kh8 33. Qg6 b5 34. Qg1 Rh4+ 35. Ke3 Bc4 36. a3 Rh5 37. Qg3 Rg5 38. Qh3 Rg1
39. Qc8+ Kh7 40. a4 Rb1 41. a5 Re1+ 42. Kf4 g5+ 43. Ke5 Bf7 44. Qd7 Kg7 45. a6
Ra1 46. a7 Ra5 47. Kd4 Ra1 48. Qb7 Kg6 49. a8=Q Rd1+ 50. Kc5 Re1 51. Qh8 Bc4
52. Qbg7+ 1-0

[Event "Sparkassen-Open J"]
[Site "Heusenstamm, Martinsee"]
[Date "2022.11.19"]
[Round "2.14"]
[White "Paschedag, Vivien"]
[Black "Rafikova, Ailin"]
[Result "1/2-1/2"]
[WhiteElo "919"]
[BlackElo "1238"]
[PlyCount "80"]
[EventDate "2022.??.??"]
[WhiteTeam "SC Heusenstamm"]
[BlackTeam "SK Sandhausen"]

1. e4 c5 2. Nf3 d6 3. Nc3 Nf6 4. Bb5+ Nc6 5. O-O a6 6. Bxc6+ bxc6 7. d3 e5 8.
Bg5 Be7 9. Re1 Be6 10. Na4 Rb8 11. c3 h6 12. Bd2 O-O 13. h3 Qc7 14. d4 cxd4 15.
cxd4 exd4 16. Nxd4 Bd7 17. Bf4 c5 18. Nf3 Qa5 19. b3 Bxa4 20. bxa4 Qc7 21. e5
dxe5 22. Bxe5 Qc6 23. Bxb8 Rxb8 24. Rxe7 Nd5 25. Re5 Nc3 26. Qc2 Nxa4 27. Rae1
g6 28. R1e4 Nb6 29. Qe2 Kg7 30. Qb2 Qf6 31. Re2 Nd7 32. Qc3 Nxe5 33. Qxe5 Rb1+
34. Kh2 c4 35. Qxf6+ Kxf6 36. Kg3 c3 37. Rc2 Rb2 38. Rxc3 Rxa2 39. Kf4 Rxf2 40.
g4 Ra2 1/2-1/2

[Event "Sparkassen-Open J"]
[Site "Heusenstamm, Martinsee"]
[Date "2022.11.19"]
[Round "2.15"]
[White "Meitzner, Jonathan Franz"]
[Black "Liu, Jonas"]
[Result "1-0"]
[WhiteElo "1302"]
[BlackElo "834"]
[PlyCount "53"]
[EventDate "2022.??.??"]
[WhiteTeam "1. Eichsfelder Sportclub"]
[BlackTeam "SV Oberursel"]

1. e4 c5 2. Nf3 d6 3. d4 cxd4 4. Nxd4 Nf6 5. f3 g6 6. c4 Bg7 7. Nc3 O-O 8. Be3
Nc6 9. Nc2 Bd7 10. Be2 Rc8 11. O-O Ne5 12. Na3 Be6 13. Qa4 a5 14. Qb5 Qc7 15.
Bb6 Qd7 16. Bxa5 Qxb5 17. cxb5 Nfd7 18. f4 Ng4 19. f5 Bd4+ 20. Kh1 Nf2+ 21.
Rxf2 Bxf2 22. fxe6 fxe6 23. Bg4 Rf6 24. Rf1 Kg7 25. Nd5 exd5 26. Bxd7 Ra8 27.
Bc3 1-0

[Event "Sparkassen-Open J"]
[Site "Heusenstamm, Martinsee"]
[Date "2022.11.19"]
[Round "2.18"]
[White "Jung, Lukas"]
[Black "Hochmuth, Lukas Emanuel"]
[Result "1-0"]
[WhiteElo "1237"]
[BlackElo "1324"]
[PlyCount "137"]
[EventDate "2022.??.??"]
[WhiteTeam "SK Marburg 1931/72"]
[BlackTeam "SC Bad Nauheim"]

1. e4 c6 2. Nc3 d5 3. d4 dxe4 4. Nxe4 Bf5 5. Nc5 Qb6 6. Nf3 e6 7. Nd3 Nf6 8.
Bf4 Be7 9. Be2 O-O 10. b3 Nbd7 11. O-O c5 12. Nb2 Rfd8 13. Nc4 Qc6 14. Be3 b6
15. Nce5 Nxe5 16. Nxe5 Qc8 17. Bf3 Nd7 18. Nc6 Re8 19. Nxe7+ Rxe7 20. Bxa8 Qxa8
21. f3 Qc8 22. c3 Re8 23. Qd2 Nf6 24. Qf2 c4 25. Rac1 Bd3 26. Rfd1 Nd5 27. Bd2
Re7 28. Qg3 Kf8 29. Re1 Bf5 30. Qf2 Rc7 31. Rcd1 cxb3 32. axb3 Nxc3 33. Rc1 Nd5
34. Qg3 Rxc1 35. Rxc1 Qd7 36. Qb8+ Ke7 37. Bb4+ Kf6 38. Qe5+ Kg6 39. Bf8 f6 40.
Qg3+ Kf7 41. Qxg7+ Ke8 42. Qxd7+ Kxd7 43. Kf2 Nf4 44. Rc3 Nd5 45. Rc1 Nf4 46.
Ra1 a5 47. g3 Nd3+ 48. Kf1 Kc6 49. Bg7 Bh3+ 50. Kg1 f5 51. Be5 Kb5 52. Rd1 Nxe5
53. dxe5 Kb4 54. Rd4+ Kxb3 55. Rh4 a4 56. Rxh3 a3 57. Rxh7 a2 58. Ra7 Kb2 59.
h4 b5 60. h5 b4 61. Rxa2+ Kxa2 62. h6 b3 63. h7 b2 64. h8=Q b1=Q+ 65. Kh2 Qc2+
66. Kh3 Qe2 67. Qa8+ Kb3 68. Qb7+ Kc4 69. Qa6+ 1-0

[Event "Sparkassen-Open J"]
[Site "Heusenstamm, Martinsee"]
[Date "2022.11.19"]
[Round "2.19"]
[White "Löffelholz, Simon"]
[Black "Wolf, Helena"]
[Result "1-0"]
[WhiteElo "1264"]
[BlackElo "741"]
[PlyCount "101"]
[EventDate "2022.??.??"]
[WhiteTeam "1. Eichsfelder Sportclub"]
[BlackTeam "SK Bad Homburg 1927"]

1. d4 d5 2. Bf4 Nc6 3. Nc3 Na5 4. Nb5 e5 5. Bxe5 Bd6 6. Nxd6+ cxd6 7. Bxg7 Nf6
8. Bxh8 Nc6 9. Bxf6 Qxf6 10. Nf3 Bf5 11. e3 O-O-O 12. Bd3 Bxd3 13. Qxd3 Kb8 14.
O-O Qg7 15. g3 a6 16. c4 dxc4 17. Qxc4 d5 18. Qc5 Qg4 19. Ne5 Nxe5 20. dxe5 Qe6
21. f4 Rc8 22. Qd6+ Qxd6 23. exd6 Rd8 24. Rfd1 Rxd6 25. e4 d4 26. Rd3 Rb6 27.
b3 Rd6 28. Rad1 Rc6 29. Rxd4 Rc2 30. R4d2 Rc3 31. Rd7 Re3 32. Rxf7 Rxe4 33.
Rxh7 Re2 34. Rd8+ Ka7 35. Rdd7 Kb6 36. Rxb7+ Kc5 37. Rhc7+ Kd4 38. Rd7+ Kc3 39.
f5 Rxa2 40. Rbc7+ Kxb3 41. f6 Re2 42. Re7 Rd2 43. f7 a5 44. f8=Q a4 45. Qf3+
Kb4 46. Qc3+ Kb5 47. Qxd2 a3 48. Qc1 Ka4 49. Qc4+ Ka5 50. Rb7 a2 51. Qb5# 1-0

[Event "Sparkassen-Open J"]
[Site "Heusenstamm, Martinsee"]
[Date "2022.11.19"]
[Round "2.20"]
[White "Boda Vittal, Reyansh"]
[Black "Beier, Martin"]
[Result "0-1"]
[WhiteElo "840"]
[BlackElo "1178"]
[PlyCount "98"]
[EventDate "2022.??.??"]
[WhiteTeam "SK Langen"]
[BlackTeam "SK Bad Homburg 1927"]

1. d4 d5 2. Nc3 e6 3. Bf4 c6 4. e3 Bd6 5. Nh3 Bxf4 6. Nxf4 Nf6 7. Bd3 Nbd7 8.
O-O O-O 9. Nce2 Qc7 10. Ng3 Re8 11. Ngh5 e5 12. Nh3 Nxh5 13. Qxh5 Nf6 14. Qh4
e4 15. Be2 Bf5 16. Bh5 Re7 17. Rad1 Rae8 18. g4 Bg6 19. Bxg6 fxg6 20. g5 Nd7
21. Qf4 Qxf4 22. exf4 Nb6 23. f3 Nc4 24. Rde1 e3 25. Re2 Nd2 26. Rfe1 Nxf3+ 27.
Kf1 Nxe1 28. Kxe1 h6 29. gxh6 gxh6 30. Rg2 Kf7 31. Rg4 Re4 32. Rh4 Rxd4 33. Ng1
g5 34. fxg5 Rxh4 35. Nf3 Rf4 36. h4 Rxf3 37. Ke2 Rf2+ 38. Ke1 Rxc2 39. Kd1 Rxb2
40. a4 d4 41. Kc1 Rh2 42. h5 Rxh5 43. Kc2 Rxg5 44. Kb3 d3 45. Kb4 d2 46. Kc4
d1=Q 47. Kb4 Qb1+ 48. Kc3 Re4 49. a5 Rc5# 0-1

[Event "Sparkassen-Open J"]
[Site "Heusenstamm, Martinsee"]
[Date "2022.11.19"]
[Round "2.21"]
[White "Neininger, Pascal"]
[Black "Paul, Jenna"]
[Result "0-1"]
[WhiteElo "1157"]
[BlackElo "868"]
[PlyCount "44"]
[EventDate "2022.??.??"]
[WhiteTeam "SV Oberursel"]
[BlackTeam "TV-Großostheim"]

1. e4 e5 2. Nf3 Nc6 3. d4 exd4 4. Bc4 Bc5 5. c3 Nf6 6. O-O Nxe4 7. Re1 f5 8.
cxd4 Bb4 9. Bd2 Be7 10. Ne5 Nxe5 11. dxe5 d5 12. Bd3 Bc5 13. Bxe4 fxe4 14. Qa4+
Bd7 15. Qb3 Bc6 16. Qc3 Qe7 17. e6 O-O 18. Qg3 Bxf2+ 19. Qxf2 Rxf2 20. Kxf2
Qh4+ 21. Kg1 d4 22. Bb4 a5 0-1

[Event "Sparkassen-Open J"]
[Site "Heusenstamm, Martinsee"]
[Date "2022.11.19"]
[Round "2.22"]
[White "Löffelholz, Jonas"]
[Black "Lenhard, Robert"]
[Result "1/2-1/2"]
[WhiteElo "1077"]
[BlackElo "799"]
[PlyCount "97"]
[EventDate "2022.??.??"]
[WhiteTeam "1. Eichsfelder Sportclub"]
[BlackTeam "SV 1920 Hofheim"]

1. e4 e5 2. Nf3 Nc6 3. Bb5 Bc5 4. O-O a6 5. Ba4 b5 6. Bb3 d6 7. c3 Bg4 8. Bd5
Qd7 9. b4 Ba7 10. d3 Nf6 11. Bxc6 Qxc6 12. Nbd2 Qxc3 13. Qb3 Qxb3 14. axb3 Bb6
15. Bb2 O-O 16. d4 Bxf3 17. Nxf3 exd4 18. Nxd4 Nxe4 19. f3 Nf6 20. g4 Rfe8 21.
Kg2 Bxd4 22. Bxd4 Re2+ 23. Kg3 Kf8 24. h4 Ke7 25. g5 Nh5+ 26. Kg4 g6 27. Rfe1
Rxe1 28. Rxe1+ Kd7 29. Bf6 Nxf6+ 30. gxf6 Re8 31. Rd1 Re5 32. Rd4 c5 33. bxc5
Rxc5 34. b4 Re5 35. f4 Rf5 36. Re4 Rxf6 37. h5 gxh5+ 38. Kxh5 Re6 39. Rd4 Kc6
40. f5 Re5 41. Kg5 f6+ 42. Kxf6 Rd5 43. Re4 Kd7 44. Re7+ Kc6 45. Re4 Rd3 46.
Kg7 Rf3 47. f6 Rg3+ 48. Kf8 Rf3 49. Ke7 1/2-1/2

[Event "Sparkassen-Open J"]
[Site "Heusenstamm, Martinsee"]
[Date "2022.11.19"]
[Round "2.23"]
[White "Buntin, Amelia Bernadette"]
[Black "Baumgart, Jost"]
[Result "0-1"]
[WhiteElo "761"]
[BlackElo "1067"]
[PlyCount "70"]
[EventDate "2022.??.??"]
[WhiteTeam "ZSG Grün-Weiß Waltershausen"]
[BlackTeam "SK Marburg 1931/72"]

1. e4 e5 2. Nf3 Nc6 3. Nc3 Bb4 4. Bb5 d6 5. d3 Bd7 6. Bg5 Nf6 7. O-O h6 8. Be3
Ne7 9. a3 Bxc3 10. bxc3 Bxb5 11. Rb1 Qd7 12. c4 Ba4 13. Rxb7 O-O 14. Qb1 Qc6
15. Qb4 a5 16. Qb2 Bxc2 17. Rb5 Bxd3 18. Rd1 Qxc4 19. Nd2 Qxb5 20. Qxb5 Bxb5
21. Rb1 Rab8 22. Ba7 Rb7 23. h3 Ra8 24. Be3 Rab8 25. Rc1 Bd3 26. Nf3 Rb1 27.
Ne1 Rxc1 28. Bxc1 Bxe4 29. f3 Rb1 30. Bd2 Bd3 31. Kh2 Rb3 32. Bxa5 Rxa3 33.
Bxc7 Ned5 34. Nxd3 Rxd3 35. Ba5 g5 0-1

[Event "Sparkassen-Open J"]
[Site "Heusenstamm, Martinsee"]
[Date "2022.11.19"]
[Round "2.24"]
[White "Riazi, Dominik"]
[Black "Rafikov, Artur"]
[Result "1-0"]
[WhiteElo "1034"]
[BlackElo "785"]
[PlyCount "37"]
[EventDate "2022.??.??"]
[WhiteTeam "SV Frankfurt Nord 1926"]
[BlackTeam "SK Sandhausen"]

1. e4 e5 2. Nf3 Nc6 3. Bc4 Bc5 4. c3 d6 5. d4 Bb6 6. d5 Nce7 7. Bg5 h6 8. Bh4
Bg4 9. h3 Bh5 10. Bb5+ c6 11. dxc6 Qc7 12. cxb7+ Kf8 13. bxa8=Q+ Nc8 14. Ba6 g6
15. Qxc8+ Qxc8 16. Bxc8 Kg7 17. Qxd6 Kh7 18. g4 Bxg4 19. hxg4 1-0

[Event "Sparkassen-Open J"]
[Site "Heusenstamm, Martinsee"]
[Date "2022.11.19"]
[Round "2.25"]
[White "Filis, Leon"]
[Black "Weyerer, Elea"]
[Result "0-1"]
[WhiteElo "731"]
[BlackElo "1018"]
[PlyCount "68"]
[EventDate "2022.??.??"]
[WhiteTeam "SV 1920 Hofheim"]
[BlackTeam "SV Oberursel"]

1. d4 d5 2. Nc3 c6 3. Bf4 Nf6 4. f3 Bf5 5. g4 Bg6 6. h4 h5 7. e3 hxg4 8. fxg4
Ne4 9. Nxe4 Bxe4 10. Rh3 e6 11. Bg5 f6 12. Bf4 Bd6 13. Bxd6 Qxd6 14. Bd3 Bg2
15. Rf3 Bxf3 16. Qxf3 Qb4+ 17. c3 Qxb2 18. Rb1 Qxc3+ 19. Ke2 b6 20. Rb3 Qa5 21.
Bg6+ Ke7 22. Bb1 Qa6+ 23. Bd3 Qxa2+ 24. Kf1 Qxb3 25. Qe2 a5 26. Bc2 Qc3 27. Bd3
Qc1+ 28. Qe1 Qxe1+ 29. Kxe1 a4 30. Kd2 a3 31. Kc2 a2 32. Kb2 a1=Q+ 33. Kc2 Ra2+
34. Kb3 Qb2# 0-1